Statystyki dla Największe aglomeracje w Polsce

Kliknij tutaj aby rozwiązać quiz!

Ogólne statystyki

  • Ten quiz został rozwiązany 366 razy
    (311 od ostatniego zresetowania)
  • Średni wynik to 16 z 20

Statystyki odpowiedzi

MiejsceMieszkańcyNazwa% Poprawnych
2.2 785 000Aglomeracja Warszawska
100%
1.5 294 000Aglomeracja Katowicka
97%
5.993 000Aglomeracja Trójmiejska
97%
3.1 236 000Aglomeracja Krakowska
96%
4.1 165 000Aglomeracja Łódzka
96%
7.861 000Aglomeracja Wrocławska
96%
6.919 000Aglomeracja Poznańska
95%
10.610 000Aglomeracja Szczecińska
95%
13.403 000Aglomeracja Białostocka
94%
8.721 000Aglomeracja Bydgosko-Toruńska
94%
16.314 000Aglomeracja Rzeszowska
92%
12.451 000Aglomeracja Lublińska
90%
15.319 000Aglomeracja Kielecka
86%
18.285 000Aglomeracja Opolska
85%
17.287 000Aglomeracja Radomska
80%
14.365 000Aglomeracja Częstochowska
78%
11.584 000Aglomeracja Bielska
46%
19.269 000Aglomeracja Tarnowska
45%
20.248 000Aglomeracja Wałbrzyska
39%
9.634 000Aglomeracja Rybnicka
33%

Rozkład punktacji

Percentyl według liczby udzielonych odpowiedzi

Procent ludzi z każdym wynikiem

Twoja historia wyników

Nie rozwiązałeś tego quizu od ostatniego zresetowania